000 00793cab a22002295a 4500
001 L148254
008 090824e20090808xxk f 000 0 eng d
035 _a(Sirsi) u148254
041 0 _aeng
100 1 _aOwen-Howes, Rebecca
245 0 0 _aPushing out competitors is out of the question
260 _c2009
490 _aEstates Gazette
_v(0931) 8 August 2009, 68-69 (2)
520 _aDiscusses UK competition rules to land agreements as well as the exclusions and exemptions offered.
590 _aKA
650 2 4 _aENTERPRISE ACT 2002
650 2 4 _aLAND AGREEMENTS EXCLUSION AND REVOCATION ORDER 2004
650 2 4 _aCOMPETITION ACT 1998
651 4 _aUnited Kingdom
_y
690 _aPROPERTY-RURAL AND NATURAL ASSETS-RURAL AND NATURAL ASSET MANAGEMENT-LAND MANAGEMENT
942 _n0
999 _c81765
_d81765